新宿駅から30kmの駅 - Statistics

General Stats
  • This quiz has been taken 32 times
  • The average score is 67 of 149
Answer Stats
Hint Answer % Correct
横浜市 根岸線 関内駅
75%
横浜市 ブルーライン 関内駅
75%
横浜市 根岸線 根岸駅
71%
横浜市 みなとみらい線 元町・中華街駅
71%
日野市 中央本線 日野駅
71%
日野市 中央本線 豊田駅
71%
川越市 東武東上線 川越駅
71%
川越市 川越線 川越駅
71%
横浜市 根岸線 石川町駅
68%
大和市 江ノ島線 中央林間駅
68%
相模原市 江ノ島線 相模大野駅
68%
大和市 田園都市線 中央林間駅
68%
相模原市 小田原線 相模大野駅
68%
川越市 東武東上線 川越市駅
68%
横浜市 根岸線 山手駅
64%
町田市 江ノ島線 町田駅
64%
町田市 小田原線 町田駅
64%
町田市 横浜線 町田駅
64%
八王子市 八高線 北八王子駅
64%
昭島市 八高線 拝島駅
64%
昭島市 青梅線 拝島駅
64%
昭島市 西武拝島線 拝島駅
64%
川越市 西武新宿線 本川越駅
64%
柏市 東武野田線 柏駅
64%
流山市 東武野田線 流山おおたかの森駅
64%
流山市 つくばエクスプレス 流山おおたかの森駅
64%
柏市 常磐線 柏駅
64%
柏市 東武野田線 柏駅
64%
横浜市 ブルーライン 上大岡駅
61%
横浜市 京急本線 上大岡駅
61%
町田市 田園都市線 南町田グランベリーパーク駅
61%
相模原市 横浜線 相模原駅
61%
柏市 常磐線 南柏駅
61%
鎌ケ谷市 東武野田線 新鎌ヶ谷駅
61%
鎌ケ谷市 北総線 新鎌ヶ谷駅
61%
鎌ケ谷市 京成松戸線 新鎌ヶ谷駅
61%
横浜市 横須賀線 東戸塚
57%
横浜市 いずみ野線 二俣川駅
57%
横浜市 相鉄本線 二俣川駅
57%
大和市 江ノ島線 南林間駅
57%
相模原市 江ノ島線 東林間駅
57%
相模原市 横浜線 古淵駅
57%
相模原市 横浜線 淵野辺駅
57%
昭島市 青梅線 西立川駅
57%
昭島市 青梅線 昭島駅
57%
狭山市 西武新宿線 狭山市駅
57%
船橋市 京成松戸線 習志野駅
57%
千葉市 総武本線 幕張本郷駅
57%
相模原市 小田原線 小田急相模原駅
54%
八王子市 京王相模原線 南大沢駅
54%
八王子市 八高線 小宮駅
54%
立川市 西武拝島線 西武立川駅
54%
さいたま市 川越線 西大宮駅
54%
習志野市 京成松戸線 京成津田沼駅
54%
習志野市 総武本線 津田沼駅
54%
千葉市 総武本線 幕張駅
54%
習志野市 京成本線 京成津田沼駅
54%
千葉市 京葉線 幕張豊砂駅
54%
千葉市 京葉線 海浜幕張駅
54%
横浜市 ブルーライン 弘明寺駅
50%
横浜市 京急本線 弘明寺駅
50%
横浜市 横須賀線 保土ケ谷
50%
八王子市 京王本線 北野駅
50%
さいたま市 東北本線 東大宮駅
50%
さいたま市 東武野田線 岩槻駅
50%
鎌ケ谷市 東武野田線 鎌ヶ谷駅
50%
船橋市 総武本線 東船橋駅
50%
習志野市 京葉線 新習志野駅
50%
横浜市 京急本線 黄金町駅
46%
横浜市 いずみ野線 南万騎が原駅
46%
横浜市 いずみ野線 緑園都市駅
46%
横浜市 相鉄本線 三ツ境駅
46%
横浜市 相鉄本線 瀬谷駅
46%
さいたま市 川越線 指扇駅
46%
さいたま市 高崎線 宮原駅
46%
流山市 東武野田線 運河駅
46%
野田市 東武野田線 野田市駅
46%
船橋市 京成松戸線 北習志野駅
46%
習志野市 京成松戸線 新津田沼駅
46%
習志野市 東葉高速鉄道 北習志野駅
46%
町田市 田園都市線 すずかけ台駅
43%
町田菜 京王相模原線 多摩境駅
43%
昭島市 青梅線 中神駅
43%
さいたま市 川越線 日進駅
43%
さいたま市 ニューシャトル 鉄道博物館駅
43%
越谷市 伊勢崎線 せんげん台駅
43%
横浜市 京急本線 日ノ出町駅
39%
横浜市 京急本線 井土ヶ谷駅
39%
横浜市 相鉄本線 希望ヶ丘駅
39%
大和市 江ノ島線 鶴間駅
39%
大和市 田園都市線 つきみ野駅
39%
相模原市 横浜線 矢部駅
39%
八王子市 京王相模原線 京王堀之内駅
39%
八王子市 京王本線 長沼駅
39%
昭島市 青梅線 東中神駅
39%
狭山市 西武池袋線 稲荷山公園駅
39%
狭山市 西武新宿線 入曽駅
39%
川越市 西武新宿線 南大塚駅
39%
川越市 川越線 南古谷駅
39%
さいたま市 東武野田線 東岩槻駅
39%
柏市 つくばエクスプレス 柏の葉キャンパス駅
39%
柏市 東武野田線 新柏駅
39%
日野市 京王本線 平山城址公園駅
36%
柏市 東武野田線 高柳駅
36%
白井市 北総線 西白井駅
36%
鎌ケ谷市 京成松戸線 鎌ヶ谷大仏駅
36%
船橋市 京成松戸線 高根公団駅
36%
横浜市 ブルーライン 阪東橋駅
32%
横浜市 京急本線 南太田駅
32%
所沢市 西武池袋線 狭山ヶ丘駅
32%
入間市 西武池袋線 武蔵藤沢駅
32%
狭山市 西武新宿線 新狭山駅
32%
春日部市 伊勢崎線 武里駅
32%
柏市 東武野田線 豊四季駅
32%
柏市 東武野田線 逆井駅
32%
松戸市 東武野田線 六実駅
32%
鎌ケ谷市 京成松戸線 初富駅
32%
船橋市 東葉高速鉄道 飯山満駅
32%
横浜市 ブルーライン 蒔田駅
29%
日野市 京王本線 南平駅
29%
立川市 西武拝島線 武蔵砂川駅
29%
さいたま市 東武野田線 七里駅
29%
春日部市 伊勢崎線 一ノ割駅
29%
鎌ケ谷市 京成松戸線 北初富駅
29%
船橋市 京成松戸線 高根木戸駅
29%
横浜市 ブルーライン 吉野町駅
25%
横浜市 相鉄本線 天王町駅
25%
さいたま市 ニューシャトル 加茂宮駅
25%
上尾市 ニューシャトル 原市駅
25%
春日部市 東武野田線 豊春駅
25%
流山市 東武野田線 初石駅
25%
流山市 東武野田線 江戸川台駅
25%
船橋市 京成松戸線 二和向台駅
25%
船橋市 京成松戸線 三咲駅
25%
船橋市 京成松戸線 前原駅
25%
さいたま市 ニューシャトル 東宮原駅
21%
さいたま市 ニューシャトル 今羽駅
21%
上尾市 ニューシャトル 沼南駅
21%
柏市 東武野田線 増尾駅
21%
船橋市 京成松戸線 滝不動駅
21%
船橋市 京成松戸線 薬園台駅
21%
習志野市 京成本線 京成大久保駅
21%
春日部市 東武野田線 八木崎駅
18%
習志野市 京成本線 谷津駅
18%
さいたま市 ニューシャトル 吉野原駅
14%
野田市 東武野田線 梅郷駅
14%
横浜市 ブルーライン 伊勢佐木長者長町
4%
川越市 東武東上線 新河原駅
4%
さいたま市 東北本線 土路駅
4%
No matching quizzes found
Score Distribution
Percent of People with Each Score
Percentile by Number Answered
Your Score History
You have not taken this quiz